000 00547nam a2200181Ia 4500
001 19240
005 20260306171729.0
008 260306s9999||||xx |||||||||||||| ||und||
041 _aESP
082 _a658.81
_bW44
100 _aWellington, Patricia
_eAUT
245 0 _aCómo brindar un servicio integral al cliente:
_blo mejor de la estrategias kaizen: creación de un poderoso y funcional programa de servicio al cliente
260 _c1998
300 _axiii, 233 p
_c23 cm.
650 _aGEN
654 _aCAN
942 _cLIB
_dJUS
_fJUS
_2ddc
_n
999 _c19240
_d19240